| 000 | 00441cam a2200181ua 4500 | ||
|---|---|---|---|
| 020 | _c3.50 | ||
| 041 |
_amal _h |
||
| 082 |
_a894.812O9 _bCHU/SU |
||
| 100 | _aChummar, T.M . | ||
| 245 | 0 | 0 |
_aSuvarna Kairali / _cChummar,T.M. _hTextual Documents |
| 250 |
_a1 / _b. |
||
| 260 |
_a : _bSahitya Pravarthaka Co-operative Society , _c1971. |
||
| 300 | _a179 ; . | ||
| 365 | _a3.50 | ||
| 504 | _a | ||
| 942 | _cBK | ||
| 999 |
_c11692 _d11692 |
||